Fundamentos de termodinámica
Guardado en:
| 主要作者: | |
|---|---|
| 其他作者: | , , |
| 格式: | 圖書 |
| 語言: | Spanish |
| 出版: |
México, Distrito Federal : Limusa Wiley,
c2008.
|
| 主題: | |
| 標簽: |
添加標簽
沒有標簽, 成為第一個標記此記錄!
|
MARC
| LEADER | 00000nam a2200000Ia 4500 | ||
|---|---|---|---|
| 003 | 000260 | ||
| 005 | 20221231143935.0 | ||
| 008 | 140114s2008 mx a 000 ||spa d | ||
| 040 | |c cru CEDI | ||
| 082 | |a 536.7 V285f2 | ||
| 100 | |a Van Wylen, Gordon John, 1920- |9 19715 | ||
| 245 | |a Fundamentos de termodinámica | ||
| 260 | |a México, Distrito Federal : Limusa Wiley, |c c2008. | ||
| 300 | |a 892 páginas : ilustraciones | ||
| 500 | |a Traducción de: Fundamentals of classical thermodinamics | ||
| 650 | |x TERMODINAMICA |9 19719 | ||
| 700 | |9 19716 |a Sonntag, Richard Edwin | ||
| 700 | |9 19718 |a Sangines Franchini, Maria Cristina |d Traductor | ||
| 700 | |9 19712 |a Borgnakke, Claus | ||
| 942 | |2 ddc |c BK | ||
| 999 | |c 14540 |d 14540 | ||
